Survey for entomopathogenic nematodes in rubber growing areas of Kerala (Record no. 70030)

MARC details
000 -LEADER
fixed length control field 00484nam a2200133Ia 4500
100 ## - MAIN ENTRY--AUTHOR NAME
Personal name Thankamony S
245 #0 - TITLE STATEMENT
Title Survey for entomopathogenic nematodes in rubber growing areas of Kerala
260 ## - PUBLICATION, DISTRIBUTION, ETC. (IMPRINT)
Name of publisher PLACROSYM XIX, 7-10 December 2010, Kottayam. Climate Change. 19th Biennial Symposium on Plantation Crops. Abstracts.pp.186-187.
650 ## - SUBJECT ADDED ENTRY--TOPICAL TERM
Topical Term Entomopathogenic nematodes
650 ## - SUBJECT ADDED ENTRY--TOPICAL TERM
Topical Term Soil survey
700 ## - ADDED ENTRY--PERSONAL NAME
Personal name Jose V T
942 ## - ADDED ENTRY ELEMENTS (KOHA)
Koha item type Journals
Holdings
Withdrawn status Lost status Damaged status Not for loan Home library Current library Date acquired Koha item type
      Journals RRII Library RRII Library 07/02/2011 Journals